University Home | Library Home | Institutional Repository

Linguistics at large : (Record no. 66990)

MARC details
000 -LEADER
fixed length control field 00980cam6a220028900 4500
001 - CONTROL NUMBER
control field lce00732800
008 - FIXED-LENGTH DATA ELEMENTS--GENERAL INFORMATION
fixed length control field 711020s1971 enka b 001 0 eng
010 ## - LIBRARY OF CONGRESS CONTROL NUMBER
LC control number 70851721 //r85
015 ## - NATIONAL BIBLIOGRAPHY NUMBER
National bibliography number B71-14015
020 ## - INTERNATIONAL STANDARD BOOK NUMBER
International Standard Book Number 0575005068
020 ## - INTERNATIONAL STANDARD BOOK NUMBER
Terms of availability L.3.00
035 ## - SYSTEM CONTROL NUMBER
System control number (Sirsi) r120978
035 ## - SYSTEM CONTROL NUMBER
System control number (DLC) 70851721 //r85
035 ## - SYSTEM CONTROL NUMBER
System control number (UPRA)lce00732800
040 ## - CATALOGING SOURCE
Modifying agency UPRA
050 0# - LIBRARY OF CONGRESS CALL NUMBER
Classification number P121
Item number .L53
082 ## - DEWEY DECIMAL CLASSIFICATION NUMBER
Classification number 410/.8
245 00 - TITLE STATEMENT
Title Linguistics at large :
Remainder of title the fourteen linguistic lectures presented by the Institute of Contemporary Arts, London, 1969-70 /
Statement of responsibility, etc. edited by Noel Minnis.
260 ## - PUBLICATION, DISTRIBUTION, ETC.
Place of publication, distribution, etc. London :
Name of publisher, distributor, etc. Gollancz,
Date of publication, distribution, etc. 1971.
504 ## - BIBLIOGRAPHY, ETC. NOTE
Bibliography, etc. note Includes bibliographies.
650 #0 - SUBJECT ADDED ENTRY--TOPICAL TERM
Topical term or geographic name entry element Linguistics.
Linkage S29381.1
700 1# - ADDED ENTRY--PERSONAL NAME
Personal name Minnis, Noel, 1926-
Dates associated with a name Minnis, Noel, 1926-
Linkage A87942.1
710 2# - ADDED ENTRY--CORPORATE NAME
Corporate name or jurisdiction name as entry element Institute of Contemporary Arts (London, England)
Linkage A87943.1
949 ## - LOCAL PROCESSING INFORMATION (OCLC)
a P121
w lcc
i -173943
m MAIN
t BOOK
l ON-SHELF
949 ## - LOCAL PROCESSING INFORMATION (OCLC)
a P121
w lcc
i -173944
m MAIN
t BOOK
l ON-SHELF

No items available.

© 2026 - The University of Zambia Library - Koha v25.11